Aliments commençant par C - Statistiques

Statistiques générales
  • Ce quiz a été pris 5 328 fois
  • Le résultat moyen est 17 sur 20
Statistiques - réponses
Par images Réponse % Correct
Carotte
100%
Citron
100%
Cerise
98%
Concombre
98%
Crevette
98%
Croissant
98%
Crêpe
96%
Courgette
94%
Churro
92%
Coquillette
88%
Cannelle
84%
Caviar
84%
Crème brûlée
82%
Calamar
81%
Ciboulette
73%
Cannelloni
69%
Clou de girofle
66%
Clafoutis
61%
Céleri
57%
Coriandre
47%
Aucun quiz correspondant
Distribution des résultats
% des personnes avec chaque résultat
Percentile par nombre de réponses
Votre historique - résultats
Vous n’avez pas pris ce quiz